Política de Jornada escolar extendida. Documentos generales y normativos de Jornada Escolar Extendida y el manual operativo de centros educativos (Record no. 8906)
[ view plain ]
| 000 -LEADER | |
|---|---|
| campo de control de longitud fija | 00484nam a2200133Ia 4500 |
| 001 - NÚMERO DE CONTROL | |
| campo de control | 4488 |
| 008 - DATOS DE LONGITUD FIJA--INFORMACIÓN GENERAL | |
| campo de control de longitud fija | 241024s9999 xx 000 0 und d |
| 082 ## - NÚMERO DE LA CLASIFICACIÓN DECIMAL DEWEY | |
| Número de clasificación | RD/371.07/R426p/2016 |
| 100 ## - ENTRADA PRINCIPAL--NOMBRE DE PERSONA | |
| Nombre de persona | República Dominicana. Ministerio de Educación |
| 245 #0 - MENCIÓN DEL TÍTULO | |
| Título | Política de Jornada escolar extendida. Documentos generales y normativos de Jornada Escolar Extendida y el manual operativo de centros educativos |
| 260 ## - PUBLICACIÓN, DISTRIBUCIÓN, ETC. | |
| Nombre del editor, distribuidor, etc. | Santo Domingo |
| Fecha de publicación, distribución, etc. | 2016 |
| 901 ## - ELEMENTOS DE DATOS A LOCAL LDA (RLIN) | |
| a | 19/10/2016 3:29:05 p.m. |
No items available.